000 00303nam a2200121Ia 4500
008 191201s1993 xx 000 0 und d
100 _aTALUKDAR, M K
245 0 _aWeaning Tablet IS Winding
260 _aN.Delhi
_bThe Textile Association
_c1993
300 _a26
650 _aB.Tech(TE)
942 _2ddc
_cBK
999 _c3446
_d3446